<?xml version="1.0" encoding="UTF-8"?>
<record
    xmlns:xsi="http://www.w3.org/2001/XMLSchema-instance"
    xsi:schemaLocation="http://www.loc.gov/MARC21/slim http://www.loc.gov/standards/marcxml/schema/MARC21slim.xsd"
    xmlns="http://www.loc.gov/MARC21/slim">

  <leader>00562nam a22001817a 4500</leader>
  <controlfield tag="005">20140311164558.0</controlfield>
  <controlfield tag="008">140311b1998    pe ||||| |||| 00| 0 spa d</controlfield>
  <datafield tag="041" ind1=" " ind2=" ">
    <subfield code="a">spa</subfield>
  </datafield>
  <datafield tag="044" ind1=" " ind2=" ">
    <subfield code="a">pe</subfield>
  </datafield>
  <datafield tag="082" ind1=" " ind2=" ">
    <subfield code="a">598.085</subfield>
    <subfield code="b">V432r</subfield>
  </datafield>
  <datafield tag="245" ind1="0" ind2="0">
    <subfield code="a">Resultados de los censos neotropicales de aves acu&#xE1;ticas en el Per&#xFA; 1992-1995</subfield>
  </datafield>
  <datafield tag="260" ind1=" " ind2=" ">
    <subfield code="a">Lima, Per&#xFA;</subfield>
    <subfield code="b">INRENA</subfield>
    <subfield code="b">INIA</subfield>
    <subfield code="c">1998</subfield>
  </datafield>
  <datafield tag="300" ind1=" " ind2=" ">
    <subfield code="a">153 p-</subfield>
    <subfield code="b">tablas.</subfield>
    <subfield code="c">25 cm.</subfield>
  </datafield>
  <datafield tag="650" ind1=" " ind2="6">
    <subfield code="a">Aves acu&#xE1;ticas</subfield>
    <subfield code="z">Per&#xFA;</subfield>
    <subfield code="9">20333</subfield>
  </datafield>
  <datafield tag="650" ind1=" " ind2="6">
    <subfield code="a">Aves acu&#xE1;ticas</subfield>
    <subfield code="x">censos</subfield>
    <subfield code="9">20334</subfield>
  </datafield>
  <datafield tag="700" ind1="1" ind2=" ">
    <subfield code="a">Velarde-Falcon&#xED;, David</subfield>
    <subfield code="e">ed</subfield>
    <subfield code="9">20335</subfield>
  </datafield>
  <datafield tag="942" ind1=" " ind2=" ">
    <subfield code="2">ddc</subfield>
    <subfield code="c">Folleto</subfield>
  </datafield>
  <datafield tag="999" ind1=" " ind2=" ">
    <subfield code="c">8267</subfield>
    <subfield code="d">8267</subfield>
  </datafield>
  <datafield tag="952" ind1=" " ind2=" ">
    <subfield code="0">0</subfield>
    <subfield code="1">0</subfield>
    <subfield code="2">ddc</subfield>
    <subfield code="4">0</subfield>
    <subfield code="7">0</subfield>
    <subfield code="8">GENERAL</subfield>
    <subfield code="I">INV2017</subfield>
    <subfield code="a">Bogota</subfield>
    <subfield code="b">Bogota</subfield>
    <subfield code="d">2014-03-11</subfield>
    <subfield code="e">Donado por Germ&#xE1;n Andrade</subfield>
    <subfield code="l">0</subfield>
    <subfield code="o">LB-598.085 V432r</subfield>
    <subfield code="p">059955</subfield>
    <subfield code="r">2014-03-11 00:00:00</subfield>
    <subfield code="t">Ej. 1</subfield>
    <subfield code="w">2014-03-11</subfield>
    <subfield code="x">Donaci&#xF3;n</subfield>
    <subfield code="y">Folleto</subfield>
  </datafield>
</record>
